000 00516nam a2200109Ia 4500
008 171212s9999 xx 000 0 und d
100 _aBaird, Matthew;Daugherty, Lindsay;Kumar, Krishna B.;Arifkhanova, Aziza
245 _cBaird, Matthew;Daugherty, Lindsay;Kumar, Krishna B.;Arifkhanova, Aziza
_aThe Anesthesiologist Workforce in 2013
_bA Final Briefing to the American Society of Anesthesiologists
260 _bRAND Corporation
_c2014
650 _aBusiness
856 _uhttp://www.jstor.org/stable/10.7249/j.ctt14bs2dd
999 _c352612
_d352612